| 000 | 01007cad a22002055a 4500 | ||
|---|---|---|---|
| 001 | L155089 | ||
| 008 | 100222e20120212xxkd f s 000 0 eng u | ||
| 035 | _a(Sirsi) u155089 | ||
| 041 | _aeng | ||
| 110 | 2 |
_aRoyal Institution of Chartered Surveyors _bEconomics _95033 |
|
| 245 | 0 | 0 |
_aRICS rural land market survey Great Britain _bH2 2011 _h[electronic resource] |
| 260 |
_aLondon _bRICS _c2012 |
||
| 490 | 0 | 0 |
_aRICS Rural Land Market Survey Great Britain _vSecond Half 2011 |
| 520 | _aRICS survey shows farmers driving up land prices to a record high in the second half of 2011 helped by strong commodity prices and easier access to finance. Highlights the growing disconnect between the flagging residential farming sector and the booming commercial arena. | ||
| 590 | _aKA | ||
| 651 | 4 | _aUnited Kingdom | |
| 690 |
_aRural _96268 |
||
| 856 | 4 | 0 |
_uhttps://www.rics.org/profession-standards/knowledge-and-information-services/document-delivery-and-o _zemail [email protected] to request a copy |
| 942 | _n0 | ||
| 999 |
_c113315 _d113315 |
||